[Event "50+ 0g 65+"]
[Site "Avedøre"]
[Date "2018.02.18"]
[Round "7.1"]
[White "Schultz-Pedersen, Jesper"]
[Black "Baliuniene, Margarita"]
[Result "1-0"]
[BlackElo "1881"]
[WhiteElo "2068"]
[LiveChessVersion "1.4.8"]

1. e4 {[%clk 1:30:57]} c5 {[%clk 1:30:56]} 2. b4 {[%clk 1:31:21]} cxb4
{[%clk 1:30:36]} 3. a3 {[%clk 1:31:43]} Nc6 {[%clk 1:30:31]} 4. Nf3
{[%clk 1:28:34]} bxa3 {[%clk 1:25:54]} 5. d4 {[%clk 1:28:21]} d6 {[%clk 1:24:01]}
6. Nxa3 {[%clk 1:27:41]} Nf6 {[%clk 1:18:22]} 7. Bd3 {[%clk 1:26:55]} Bg4
{[%clk 1:17:12]} 8. c3 {[%clk 1:26:55]} g6 {[%clk 1:16:30]} 9. h3
{[%clk 1:25:35]} Bxf3 {[%clk 1:16:43]} 10. Qxf3 {[%clk 1:25:00]} Bg7
{[%clk 1:16:48]} 11. O-O {[%clk 1:22:28]} O-O {[%clk 1:16:54]} 12. Qg3
{[%clk 1:21:58]} Nh5 {[%clk 1:03:18]} 13. Qh2 {[%clk 1:17:15]} e5
{[%clk 0:58:54]} 14. g4 {[%clk 1:13:19]} exd4 {[%clk 0:53:58]} 15. gxh5
{[%clk 1:12:24]} dxc3 {[%clk 0:54:23]} 16. Nc2 {[%clk 1:11:56]} Ne5
{[%clk 0:46:57]} 17. Be2 {[%clk 1:11:36]} d5 {[%clk 0:43:23]} 18. Rd1
{[%clk 1:01:12]} Qh4 {[%clk 0:41:05]} 19. f4 {[%clk 0:54:57]} Nc4
{[%clk 0:39:32]} 20. Rxd5 {[%clk 0:41:45]} Nb2 {[%clk 0:37:21]} 21. Be3
{[%clk 0:40:02]} Qe7 {[%clk 0:33:08]} 22. Qg2 {[%clk 0:38:13]} Rfd8
{[%clk 0:33:22]} 23. Rxa7 {[%clk 0:34:13]} Rxa7 {[%clk 0:33:08]} 24. Bxa7
{[%clk 0:34:41]} Rxd5 {[%clk 0:33:09]} 25. exd5 {[%clk 0:35:03]} b5
{[%clk 0:32:14]} 26. Qf2 {[%clk 0:32:43]} Qb7 {[%clk 0:28:11]} 27. Bd4
{[%clk 0:29:27]} Qxd5 {[%clk 0:27:30]} 28. Bxg7 {[%clk 0:28:19]} Kxg7
{[%clk 0:27:51]} 29. hxg6 {[%clk 0:26:39]} hxg6 {[%clk 0:27:06]} 30. Qd4+
{[%clk 0:26:10]} Qxd4+ {[%clk 0:27:13]} 31. Nxd4 {[%clk 0:26:38]} b4
{[%clk 0:27:36]} 32. Kf2 {[%clk 0:26:30]} Na4 {[%clk 0:24:22]} 33. Bd1
{[%clk 0:22:09]} Nc5 {[%clk 0:24:45]} 34. Kf3 {[%clk 0:18:21]} f5
{[%clk 0:20:37]} 35. Ke3 {[%clk 0:11:43]} Kf6 {[%clk 0:20:46]} 36. h4
{[%clk 0:11:44]} Ne4 {[%clk 0:19:25]} 37. Nc6 {[%clk 0:10:46]} Kg7
{[%clk 0:15:52]} 38. Nxb4 {[%clk 0:10:15]} Kh6 {[%clk 0:16:17]} 39. Nc2
{[%clk 0:07:47]} Nf6 {[%clk 0:15:18]} 40. Bf3 {[%clk 0:05:44]} Nh5
{[%clk 0:12:32]} 41. Nb4 {[%clk 0:05:31]} Ng3 {[%clk 0:11:51]} 42. Kd3
{[%clk 0:05:02]} Ne4 {[%clk 0:11:41]} 43. Nd5 {[%clk 0:01:57]} Nf2+
{[%clk 0:18:10]} 44. Kxc3 {[%clk 0:31:31]} Nh3 {[%clk 0:14:52]} 45. Kd4
{[%clk 0:30:45]} Nxf4 {[%clk 0:14:34]} 46. Nxf4 {[%clk 0:30:55]} g5
{[%clk 0:15:00]} 47. hxg5+ {[%clk 0:30:53]} Kxg5 {[%clk 0:15:25]} 48. Ke5
{[%clk 0:31:01]} Kh4 {[%clk 0:15:38]} 49. Kxf5 {[%clk 0:30:45]} Kg3
{[%clk 0:16:00]} 50. Ke4 {[%clk 0:28:37]} Kh4 {[%clk 0:15:45]} 51. Ne6
{[%clk 0:26:50]} Kg3 {[%clk 0:15:00]} 52. Nd4 {[%clk 0:23:52]} Kh4
{[%clk 0:13:50]} 53. Kf4 {[%clk 0:23:51]} Kh3 {[%clk 0:14:13]} 54. Nc2
{[%clk 0:15:30]} Kh4 {[%clk 0:13:01]} 55. Ne1 {[%clk 0:13:45]} Kh3
{[%clk 0:13:22]} 56. Ng2 {[%clk 0:11:44]} Kh2 {[%clk 0:13:44]} 57. Bd5
{[%clk 0:11:23]} Kh3 {[%clk 0:12:23]} 58. Kf3 {[%clk 0:11:40]} Kh2
{[%clk 0:12:44]} 59. Be6 {[%clk 0:11:54]} Kg1 {[%clk 0:12:43]} 60. Kg3
{[%clk 0:12:16]} Kf1 {[%clk 0:13:07]} 61. Bc4+ {[%clk 0:12:45]} Kg1
{[%clk 0:13:29]} 62. Nf4 {[%clk 0:13:02]} Kh1 {[%clk 0:13:47]} 63. Bb5
{[%clk 0:13:29]} Kg1 {[%clk 0:13:59]} 64. Nh3+ {[%clk 0:13:52]} 1-0

[Event "50+ 0g 65+"]
[Site "Avedøre"]
[Date "2018.02.18"]
[Round "7.2"]
[White "Lindestrøm, Torsten"]
[Black "Holler Johansen, Alexander Mikkel Johnny"]
[Result "1/2-1/2"]
[BlackElo "1904"]
[WhiteElo "2194"]
[LiveChessVersion "1.4.8"]

1. d4 {[%clk 1:30:56]} Nf6 {[%clk 1:30:52]} 2. Nf3 {[%clk 1:31:22]} d5
{[%clk 1:31:12]} 3. c4 {[%clk 1:31:37]} e6 {[%clk 1:31:24]} 4. g3
{[%clk 1:28:48]} c6 {[%clk 1:31:40]} 5. Qc2 {[%clk 1:28:58]} Nbd7
{[%clk 1:31:47]} 6. Bg2 {[%clk 1:29:22]} Be7 {[%clk 1:31:58]} 7. O-O
{[%clk 1:29:40]} O-O {[%clk 1:32:22]} 8. Nbd2 {[%clk 1:28:56]} Re8
{[%clk 1:32:11]} 9. b3 {[%clk 1:29:09]} Bd6 {[%clk 1:27:50]} 10. Bb2
{[%clk 1:28:36]} e5 {[%clk 1:26:54]} 11. cxd5 {[%clk 1:20:47]} cxd5
{[%clk 1:27:06]} 12. dxe5 {[%clk 1:21:09]} Nxe5 {[%clk 1:27:27]} 13. Rfd1
{[%clk 1:12:37]} Bd7 {[%clk 1:23:06]} 14. Nxe5 {[%clk 1:00:44]} Bxe5
{[%clk 1:23:30]} 15. Bxe5 {[%clk 1:01:00]} Rxe5 {[%clk 1:23:56]} 16. Nf3
{[%clk 1:01:21]} Re8 {[%clk 1:22:32]} 17. e3 {[%clk 0:59:26]} Rc8
{[%clk 1:17:26]} 18. Qb2 {[%clk 0:58:57]} Bg4 {[%clk 1:11:22]} 19. Rac1
{[%clk 0:54:18]} Qd7 {[%clk 1:10:32]} 20. Ne5 {[%clk 0:46:27]} Rxe5
{[%clk 1:10:16]} 21. Qxe5 {[%clk 0:46:34]} Bxd1 {[%clk 1:10:31]} 22. Rxd1
{[%clk 0:46:59]} Qg4 {[%clk 1:05:01]} 23. Qd4 {[%clk 0:24:34]} Qxd4
{[%clk 1:05:05]} 24. Rxd4 {[%clk 0:25:01]} Rc1+ {[%clk 1:05:03]} 25. Bf1
{[%clk 0:25:28]} Kf8 {[%clk 1:02:25]} 26. Kg2 {[%clk 0:25:02]} Rc2
{[%clk 1:02:19]} 27. Ra4 {[%clk 0:19:58]} a6 {[%clk 1:00:02]} 28. Bd3
{[%clk 0:19:34]} Rd2 {[%clk 0:59:41]} 29. Bb1 {[%clk 0:15:20]} g6
{[%clk 0:55:38]} 30. h3 {[%clk 0:11:11]} 1/2-1/2

[Event "50+ 0g 65+"]
[Site "Avedøre"]
[Date "2018.02.18"]
[Round "7.3"]
[White "Eilegaard Jørgensen, Orla"]
[Black "Mørkøre, Thomas"]
[Result "0-1"]
[BlackElo "1910"]
[WhiteElo "1580"]
[LiveChessVersion "1.4.8"]

1. f4 {[%clk 1:22:40]} d5 {[%clk 1:29:55]} 2. Nf3 {[%clk 1:20:55]} Nf6
{[%clk 1:29:07]} 3. e3 {[%clk 1:21:11]} g6 {[%clk 1:26:28]} 4. d3
{[%clk 1:21:01]} Bg7 {[%clk 1:23:32]} 5. Nbd2 {[%clk 1:19:39]} O-O
{[%clk 1:22:25]} 6. Ne5 {[%clk 1:17:52]} b6 {[%clk 1:18:43]} 7. Ndf3
{[%clk 1:14:32]} Bb7 {[%clk 1:18:54]} 8. Be2 {[%clk 1:10:00]} Nbd7
{[%clk 1:17:25]} 9. b3 {[%clk 1:02:46]} Ng4 {[%clk 1:08:41]} 10. d4
{[%clk 0:54:53]} Ngxe5 {[%clk 1:07:54]} 11. fxe5 {[%clk 0:53:28]} f6
{[%clk 1:06:39]} 12. exf6 {[%clk 0:49:53]} exf6 {[%clk 1:03:39]} 13. O-O
{[%clk 0:48:55]} Qe7 {[%clk 1:00:48]} 14. c4 {[%clk 0:46:50]} Bh6
{[%clk 0:58:59]} 15. Kh1 {[%clk 0:39:11]} Bxe3 {[%clk 0:56:29]} 16. Qd3
{[%clk 0:38:53]} Bxc1 {[%clk 0:56:29]} 17. Raxc1 {[%clk 0:39:05]} Rae8
{[%clk 0:49:02]} 18. Rfe1 {[%clk 0:34:47]} Qd6 {[%clk 0:48:23]} 19. Nh4
{[%clk 0:32:47]} Re4 {[%clk 0:44:24]} 20. Nf3 {[%clk 0:31:16]} c5
{[%clk 0:42:15]} 21. Bf1 {[%clk 0:30:56]} Rfe8 {[%clk 0:40:42]} 22. Rxe4
{[%clk 0:29:43]} dxe4 {[%clk 0:40:35]} 23. Qe3 {[%clk 0:29:51]} Rf8
{[%clk 0:36:21]} 24. Nh4 {[%clk 0:28:39]} cxd4 {[%clk 0:35:26]} 25. Qh6
{[%clk 0:28:33]} f5 {[%clk 0:34:35]} 26. c5 {[%clk 0:27:29]} bxc5
{[%clk 0:33:35]} 27. Bc4+ {[%clk 0:27:36]} Kh8 {[%clk 0:33:57]} 28. Rf1
{[%clk 0:26:40]} Qf6 {[%clk 0:32:46]} 29. Bb5 {[%clk 0:23:57]} Ne5
{[%clk 0:32:29]} 30. Be2 {[%clk 0:23:06]} d3 {[%clk 0:31:34]} 31. Bd1
{[%clk 0:22:44]} Qg7 {[%clk 0:30:10]} 32. Qe3 {[%clk 0:22:04]} c4
{[%clk 0:30:06]} 33. bxc4 {[%clk 0:21:24]} Nxc4 {[%clk 0:30:22]} 34. Qc5
{[%clk 0:21:21]} Rc8 {[%clk 0:29:43]} 35. Qxa7 {[%clk 0:18:59]} e3
{[%clk 0:29:55]} 36. Nxf5 {[%clk 0:17:49]} Bxg2+ {[%clk 0:30:12]} 0-1

[Event "50+ 0g 65+"]
[Site "Avedøre"]
[Date "2018.02.18"]
[Round "7.4"]
[White "Lilja, Richard"]
[Black "Stentebjerg-Hansen, Per"]
[Result "1/2-1/2"]
[BlackElo "2261"]
[WhiteElo "2086"]
[LiveChessVersion "1.4.8"]

1. e4 {[%clk 1:30:56]} c6 {[%clk 1:30:49]} 2. d4 {[%clk 1:31:19]} d5
{[%clk 1:31:17]} 3. Nc3 {[%clk 1:31:41]} dxe4 {[%clk 1:31:32]} 4. Nxe4
{[%clk 1:32:00]} Bf5 {[%clk 1:30:22]} 5. Ng3 {[%clk 1:32:21]} Bg6
{[%clk 1:30:42]} 6. h4 {[%clk 1:32:45]} h6 {[%clk 1:30:42]} 7. Nf3
{[%clk 1:33:08]} Nd7 {[%clk 1:26:18]} 8. h5 {[%clk 1:32:51]} Bh7 {[%clk 1:26:39]}
9. Bd3 {[%clk 1:32:43]} Bxd3 {[%clk 1:26:54]} 10. Qxd3 {[%clk 1:33:10]} Ngf6
{[%clk 1:26:28]} 11. Bd2 {[%clk 1:32:57]} Qc7 {[%clk 1:25:32]} 12. O-O-O
{[%clk 1:31:31]} O-O-O {[%clk 1:25:24]} 13. Ne4 {[%clk 1:23:31]} e6
{[%clk 1:22:53]} 14. g3 {[%clk 1:20:53]} Nxe4 {[%clk 1:19:54]} 15. Qxe4
{[%clk 1:21:17]} Bd6 {[%clk 0:51:13]} 16. c4 {[%clk 1:06:52]} c5 {[%clk 0:47:44]}
17. Kb1 {[%clk 1:04:26]} Kb8 {[%clk 0:41:25]} 18. Bc3 {[%clk 0:47:51]} Nf6
{[%clk 0:36:41]} 19. Qe2 {[%clk 0:46:43]} Ka8 {[%clk 0:36:15]} 20. a3
{[%clk 0:46:03]} Rhe8 {[%clk 0:30:05]} 21. Ka2 {[%clk 0:43:12]} Rc8
{[%clk 0:28:29]} 22. dxc5 {[%clk 0:40:21]} Bxc5 {[%clk 0:28:31]} 23. b4
{[%clk 0:28:52]} Bf8 {[%clk 0:28:02]} 24. Rh4 {[%clk 0:24:35]} a6
{[%clk 0:23:46]} 25. Ne5 {[%clk 0:22:22]} Bd6 {[%clk 0:18:33]} 26. c5
{[%clk 0:14:54]} Bxe5 {[%clk 0:16:18]} 27. Bxe5 {[%clk 0:15:18]} Qc6
{[%clk 0:15:49]} 28. Rd6 {[%clk 0:12:38]} Qa4 {[%clk 0:14:42]} 29. Qb2
{[%clk 0:08:13]} Red8 {[%clk 0:14:34]} 30. Rhd4 {[%clk 0:04:02]} Rxd6
{[%clk 0:15:01]} 31. Rxd6 {[%clk 0:04:14]} Ne8 {[%clk 0:15:11]} 32. Rd4
{[%clk 0:04:16]} f6 {[%clk 0:15:18]} 33. Bd6 {[%clk 0:04:31]} e5 {[%clk 0:15:34]}
34. Rd2 {[%clk 0:04:02]} Qd7 {[%clk 0:15:32]} 35. Qb3 {[%clk 0:03:02]} Nc7
{[%clk 0:15:18]} 36. a4 {[%clk 0:02:13]} Ne6 {[%clk 0:15:33]} 37. b5
{[%clk 0:01:38]} Nxc5 {[%clk 0:15:35]} 38. Qb4 {[%clk 0:01:57]} b6
{[%clk 0:09:56]} 39. Bxc5 {[%clk 0:01:42]} Qe6+ {[%clk 0:02:29]} 40. Qb3
{[%clk 0:30:47]} Qxb3+ {[%clk 0:32:50]} 41. Kxb3 {[%clk 0:31:13]} Rxc5
{[%clk 0:32:33]} 42. bxa6 {[%clk 0:30:12]} e4 {[%clk 0:29:14]} 43. Rd7
{[%clk 0:23:45]} Rxh5 {[%clk 0:28:35]} 44. Rxg7 {[%clk 0:23:30]} Rf5
{[%clk 0:28:50]} 45. Kc4 {[%clk 0:15:32]} Rxf2 {[%clk 0:28:42]} 46. Rf7
{[%clk 0:07:53]} e3 {[%clk 0:16:30]} 47. Re7 {[%clk 0:06:07]} e2 {[%clk 0:10:06]}
48. g4 {[%clk 0:05:10]} f5 {[%clk 0:08:33]} 49. gxf5 {[%clk 0:05:33]} Rxf5
{[%clk 0:08:51]} 50. Rxe2 {[%clk 0:05:56]} Ka7 {[%clk 0:09:00]} 51. Re6
{[%clk 0:05:53]} h5 {[%clk 0:09:08]} 52. Rh6 {[%clk 0:05:39]} Kxa6
{[%clk 0:09:15]} 53. Rh8 {[%clk 0:05:28]} Rf4+ {[%clk 0:09:09]} 54. Kb3
{[%clk 0:05:49]} h4 {[%clk 0:09:29]} 55. Rh5 {[%clk 0:05:54]} Rf3+
{[%clk 0:07:23]} 56. Kb4 {[%clk 0:06:22]} Rf4+ {[%clk 0:06:25]} 57. Kb3
{[%clk 0:06:40]} Kb7 {[%clk 0:04:57]} 58. Rh6 {[%clk 0:06:45]} Kc7
{[%clk 0:05:21]} 59. Ka3 {[%clk 0:07:01]} Rd4 {[%clk 0:04:55]} 60. Kb3
{[%clk 0:07:18]} Rd3+ {[%clk 0:04:30]} 61. Kc4 {[%clk 0:07:08]} Rh3
{[%clk 0:04:15]} 62. Rh7+ {[%clk 0:06:57]} Kc6 {[%clk 0:04:28]} 63. Rh6+
{[%clk 0:07:11]} Kb7 {[%clk 0:04:49]} 64. Rh7+ {[%clk 0:06:45]} Ka6
{[%clk 0:05:08]} 65. Kb4 {[%clk 0:07:04]} Rh1 {[%clk 0:05:12]} 66. Rh5
{[%clk 0:06:37]} h3 {[%clk 0:04:25]} 67. Kb3 {[%clk 0:06:41]} Kb7
{[%clk 0:04:07]} 68. Rh6 {[%clk 0:05:25]} Kc7 {[%clk 0:04:30]} 69. Kb2
{[%clk 0:05:27]} h2 {[%clk 0:04:21]} 70. Ka2 {[%clk 0:05:37]} Kd7
{[%clk 0:04:33]} 71. Kb2 {[%clk 0:04:56]} Ke7 {[%clk 0:04:55]} 72. Ka2
{[%clk 0:05:00]} Kf7 {[%clk 0:05:14]} 73. Kb2 {[%clk 0:05:10]} Kg7
{[%clk 0:05:22]} 74. Rh3 {[%clk 0:05:26]} Kg6 {[%clk 0:05:33]} 75. Rh8
{[%clk 0:05:34]} Kg5 {[%clk 0:05:46]} 76. Rg8+ {[%clk 0:05:05]} Kf4
{[%clk 0:05:36]} 77. Rh8 {[%clk 0:05:18]} Ke3 {[%clk 0:05:32]} 78. Rh3+
{[%clk 0:04:26]} Kd4 {[%clk 0:05:17]} 79. Rh4+ {[%clk 0:04:55]} Kd3
{[%clk 0:04:54]} 80. Rh3+ {[%clk 0:05:05]} Kc4 {[%clk 0:04:51]} 81. Rh4+
{[%clk 0:05:30]} Kc5 {[%clk 0:05:13]} 82. Ka2 {[%clk 0:05:47]} Kc6
{[%clk 0:04:46]} 83. Rh5 {[%clk 0:05:57]} Kb7 1/2-1/2

[Event "50+ 0g 65+"]
[Site "Avedøre"]
[Date "2018.02.18"]
[Round "7.5"]
[White "Løvgren Nielsen, Jørgen"]
[Black "Nørgaard Olesen, Poul Erik"]
[Result "1/2-1/2"]
[BlackElo "2010"]
[WhiteElo "2041"]
[LiveChessVersion "1.4.8"]

1. e4 {[%clk 1:30:54]} e5 {[%clk 1:30:54]} 2. Nf3 {[%clk 1:31:10]} d6
{[%clk 1:31:17]} 3. d4 {[%clk 1:31:16]} exd4 {[%clk 1:31:40]} 4. Nxd4
{[%clk 1:31:35]} g6 {[%clk 1:32:02]} 5. Nc3 {[%clk 1:31:26]} Bg7 {[%clk 1:32:23]}
6. Be3 {[%clk 1:29:26]} Nc6 {[%clk 1:30:56]} 7. Bc4 {[%clk 1:28:32]} Nf6
{[%clk 1:30:37]} 8. f3 {[%clk 1:28:19]} O-O {[%clk 1:29:41]} 9. Qd2
{[%clk 1:28:14]} Nxd4 {[%clk 1:21:45]} 10. Bxd4 {[%clk 1:27:08]} a6
{[%clk 1:22:05]} 11. O-O-O {[%clk 1:26:31]} b5 {[%clk 1:21:35]} 12. Be2
{[%clk 1:21:41]} Be6 {[%clk 1:20:14]} 13. g4 {[%clk 1:19:07]} c5 {[%clk 1:13:42]}
14. Be3 {[%clk 1:15:37]} Qa5 {[%clk 0:56:02]} 15. Kb1 {[%clk 1:11:56]} b4
{[%clk 0:46:37]} 16. Nd5 {[%clk 1:10:12]} Bxd5 {[%clk 0:44:52]} 17. exd5
{[%clk 1:10:22]} Rfc8 {[%clk 0:44:24]} 18. Bc4 {[%clk 1:09:05]} Nd7
{[%clk 0:43:02]} 19. f4 {[%clk 1:05:05]} Nb6 {[%clk 0:40:59]} 20. Qd3
{[%clk 1:04:57]} Bxb2 {[%clk 0:31:02]} 21. Kxb2 {[%clk 0:57:26]} Qa3+
{[%clk 0:30:23]} 22. Kb1 {[%clk 0:49:03]} Nxc4 {[%clk 0:30:37]} 23. Qxc4
{[%clk 0:49:19]} Qxe3 {[%clk 0:30:50]} 24. f5 {[%clk 0:39:52]} Re8
{[%clk 0:25:41]} 25. Rhe1 {[%clk 0:36:09]} Qf3 {[%clk 0:23:26]} 26. Rf1
{[%clk 0:28:52]} Qe4 {[%clk 0:22:48]} 27. Rf4 {[%clk 0:25:00]} Qxc4
{[%clk 0:20:57]} 28. Rxc4 {[%clk 0:25:24]} Re5 {[%clk 0:20:37]} 29. fxg6
{[%clk 0:25:14]} hxg6 {[%clk 0:20:57]} 30. Rf4 {[%clk 0:25:11]} Kg7
{[%clk 0:19:32]} 31. Kb2 {[%clk 0:22:14]} Rae8 {[%clk 0:19:24]} 32. h4
{[%clk 0:20:20]} Re4 {[%clk 0:17:08]} 33. Rdf1 {[%clk 0:19:46]} Rxf4
{[%clk 0:16:56]} 34. Rxf4 {[%clk 0:20:10]} Re5 {[%clk 0:17:14]} 35. c4
{[%clk 0:20:06]} bxc3+ {[%clk 0:17:13]} 36. Kxc3 {[%clk 0:20:30]} Rxd5
{[%clk 0:12:30]} 37. Ra4 {[%clk 0:20:46]} Rd1 {[%clk 0:06:51]} 38. Rxa6
{[%clk 0:20:27]} Kf6 {[%clk 0:07:00]} 39. a4 {[%clk 0:19:46]} Ke6
{[%clk 0:06:29]} 40. Ra8 {[%clk 0:48:39]} Rc1+ {[%clk 0:34:27]} 41. Kb2
{[%clk 0:45:21]} Rc4 {[%clk 0:32:23]} 42. h5 {[%clk 0:44:21]} gxh5
{[%clk 0:32:38]} 43. gxh5 {[%clk 0:44:41]} Rh4 {[%clk 0:32:45]} 44. a5
{[%clk 0:44:27]} Kd7 {[%clk 0:18:09]} 45. a6 {[%clk 0:33:01]} Kc7
{[%clk 0:17:51]} 46. a7 {[%clk 0:30:52]} Kb7 {[%clk 0:12:26]} 47. Rd8
{[%clk 0:29:48]} Kxa7 {[%clk 0:12:45]} 48. Rxd6 {[%clk 0:30:06]} Rxh5
{[%clk 0:13:06]} 49. Rd7+ {[%clk 0:30:25]} Kb6 {[%clk 0:13:28]} 50. Rxf7
{[%clk 0:30:49]} Kb5 {[%clk 0:13:43]} 51. Rf4 {[%clk 0:30:00]} c4
{[%clk 0:13:53]} 52. Rf8 {[%clk 0:29:32]} Kb4 {[%clk 0:13:28]} 53. Rb8+
{[%clk 0:29:45]} Rb5 {[%clk 0:13:45]} 54. Rxb5+ {[%clk 0:27:42]} Kxb5
{[%clk 0:14:06]} 55. Kc3 {[%clk 0:27:44]} Kc5 {[%clk 0:14:27]} 56. Kc2
{[%clk 0:27:41]} Kd4 {[%clk 0:14:45]} 57. Kd2 {[%clk 0:28:00]} c3+
{[%clk 0:15:07]} 58. Kc2 {[%clk 0:28:17]} Kc4 {[%clk 0:15:30]} 59. Kc1
{[%clk 0:28:10]} Kb3 {[%clk 0:15:48]} 60. Kb1 {[%clk 0:28:30]} c2+
{[%clk 0:16:11]} 61. Kc1 {[%clk 0:28:55]} Kc3 1/2-1/2

[Event "50+ 0g 65+"]
[Site "Avedøre"]
[Date "2018.02.18"]
[Round "7.7"]
[White "Birk Petersen, Peter"]
[Black "Rosenlund, Thorbjørn"]
[Result "1-0"]
[BlackElo "2245"]
[WhiteElo "2130"]
[LiveChessVersion "1.4.8"]

1. e4 {[%clk 1:30:56]} e5 {[%clk 1:30:15]} 2. Nf3 {[%clk 1:31:01]} Nc6
{[%clk 1:30:08]} 3. Bb5 {[%clk 1:31:12]} a6 {[%clk 1:29:59]} 4. Ba4
{[%clk 1:31:35]} Nf6 {[%clk 1:30:23]} 5. O-O {[%clk 1:31:35]} Be7
{[%clk 1:28:05]} 6. Re1 {[%clk 1:31:39]} b5 {[%clk 1:27:29]} 7. Bb3
{[%clk 1:32:03]} O-O {[%clk 1:27:11]} 8. h3 {[%clk 1:27:48]} d6 {[%clk 1:26:30]}
9. c3 {[%clk 1:27:41]} Nd7 {[%clk 1:18:18]} 10. d4 {[%clk 1:25:17]} Bf6
{[%clk 1:17:44]} 11. a4 {[%clk 1:11:41]} Rb8 {[%clk 1:16:22]} 12. axb5
{[%clk 1:09:37]} axb5 {[%clk 1:16:36]} 13. Be3 {[%clk 1:09:14]} Ne7
{[%clk 1:02:54]} 14. Nbd2 {[%clk 1:03:38]} Bb7 {[%clk 0:59:59]} 15. Bc2
{[%clk 0:56:23]} c5 {[%clk 0:57:43]} 16. Nf1 {[%clk 0:47:08]} Ra8
{[%clk 0:43:34]} 17. Rxa8 {[%clk 0:43:23]} Bxa8 {[%clk 0:38:53]} 18. Ng3
{[%clk 0:42:54]} g6 {[%clk 0:30:25]} 19. Qd2 {[%clk 0:39:22]} cxd4
{[%clk 0:23:00]} 20. cxd4 {[%clk 0:39:45]} exd4 {[%clk 0:23:22]} 21. Nxd4
{[%clk 0:37:33]} Qb8 {[%clk 0:15:33]} 22. Bg5 {[%clk 0:35:17]} Re8
{[%clk 0:11:05]} 23. Bxf6 {[%clk 0:33:57]} Nxf6 {[%clk 0:11:31]} 24. Qg5
{[%clk 0:34:09]} Nd7 {[%clk 0:11:35]} 25. Re3 {[%clk 0:28:17]} Qa7
{[%clk 0:08:26]} 26. Nxb5 {[%clk 0:18:14]} Qb6 {[%clk 0:04:46]} 27. Nc3
{[%clk 0:14:16]} Qxb2 {[%clk 0:04:09]} 28. Ba4 {[%clk 0:14:36]} Bc6
{[%clk 0:03:19]} 29. Bxc6 {[%clk 0:14:14]} Nxc6 {[%clk 0:03:44]} 30. Qd5
{[%clk 0:10:40]} Nde5 {[%clk 0:02:59]} 31. Qxd6 {[%clk 0:08:50]} Ra8
{[%clk 0:02:40]} 32. Nd5 {[%clk 0:07:00]} Ra1+ {[%clk 0:02:48]} 33. Kh2
{[%clk 0:06:09]} Qxf2 {[%clk 0:02:26]} 34. Nf6+ {[%clk 0:03:59]} Kh8
{[%clk 0:01:49]} 35. Qf8# 1-0

[Event "50+ 0g 65+"]
[Site "Avedøre"]
[Date "2018.02.18"]
[Round "7.8"]
[White "Hvenekilde, Jørgen"]
[Black "Louv Sørensen, Flemming"]
[Result "1/2-1/2"]
[BlackElo "1996"]
[WhiteElo "2044"]
[LiveChessVersion "1.4.8"]

1. e4 e6 2. d4 d5 3. e5 c5 4. Nf3 cxd4 5. Bd3 Nc6 6. O-O Nge7 7. Re1 Ng6 8. a3
Be7 9. b4 Bd7 10. b5 Na5 11. Nxd4 Rc8 12. Nd2 Qc7 13. N2f3 Nc4 14. Qe2 Qa5 15. g3
Qc3 16. Bd2 Nxd2 17. Qxd2 Nxe5 18. Qxc3 Nxf3+ 19. Nxf3 Rxc3 20. a4 O-O 21. Ne5
Bc8 22. f4 Bc5+ 23. Kg2 Bb4 24. Reb1 Ba5 25. Rb3 f6 26. Nf3 Re8 27. Rxc3 Bxc3 28.
Ra3 Ba5 29. c4 e5 30. Bf1 e4 31. Nd4 Bb6 32. Nb3 dxc4 33. Bxc4+ Be6 34. Bxe6+
Rxe6 35. a5 Be3 36. Kf1 Rd6 37. Ra4 Rd3 38. Na1 Rd4 39. Rxd4 Bxd4 40. Nb3 Bc3 41.
f5 Kf7 1/2-1/2